[Event "AUTO-OPEN-1020"]
[Site "http://www.queenalice.com/game.php?id=356779"]
[Date "2008.2.18"]
[Round "1"]
[White "cecel"]
[Black "alequinne"]
[Result "1-0"]
[WhiteElo "1719"]
[BlackElo "1744"]

1. e4 e5 2. Nf3 Nc6 3. Bb5 Qf6 4. Nc3 Bc5 5. O-O d6 6. Nd5 Qd8 7. d4 exd4 8.
Nxd4 Ne7 9. Nxe7 Qxe7 10. Nxc6 bxc6 11. Bxc6+ Bd7 12. Bxa8 c6 13. Be3 Bxe3 14.
fxe3 O-O 15. Bb7 Rb8 16. Ba6 Rxb2 17. Rb1 Rxa2 18. Bc4 Ra4 19. Rb8+ Be8 20. Rxf7
Qxf7 21. Rxe8# 1-0

[Event "AUTO-OPEN-1020"]
[Site "http://www.queenalice.com/game.php?id=356780"]
[Date "2008.2.18"]
[Round "1"]
[White "alequinne"]
[Black "cecel"]
[Result "1-0"]
[WhiteElo "1679"]
[BlackElo "1756"]

1. d4 g6 2. e3 Bg7 3. Bd3 Nf6 4. Nf3 O-O 5. O-O d6 6. Nc3 Bg4 7. e4 c6 8. Re1 e5
9. dxe5 Bxf3 10. Qxf3 dxe5 11. Bg5 Nbd7 12. Rad1 h6 13. Bxf6 Nxf6 14. Bc4 Qc7
15. Qg3 Nh5 16. Qxg6 Nf4 17. Qg4 Rad8 18. Re3 h5 19. Qg5 Rxd1+ 20. Nxd1 Qd7 21.
Nc3 Qd2 22. Rg3 Qc1+ 23. Bf1 Ne6 24. Qxc1 1-0

[Event "AUTO-OPEN-1020"]
[Site "http://www.queenalice.com/game.php?id=356804"]
[Date "2008.2.18"]
[Round "1"]
[White "josecastroman"]
[Black "alequinne"]
[Result "1-0"]
[WhiteElo "1804"]
[BlackElo "1763"]

1. e4 e5 2. Nf3 Nc6 3. Bb5 Bc5 4. Nc3 a6 5. Bxc6 bxc6 6. Nxe5 Qf6 7. Nf3 Bb7 8.
d3 d5 9. O-O Ne7 10. a3 d4 11. e5 Qf5 12. Ne4 Ba7 13. b4 c5 14. Ng3 Qg4 15. Ne4
Bxe4 16. dxe4 Qxe4 17. Bg5 f6 18. Re1 Qf5 19. exf6 gxf6 20. Qe2 Qd7 21. Bxf6
O-O-O 22. Bxh8 Rxh8 23. Qxe7 Qf5 24. Qe6+ Qxe6 25. Rxe6 cxb4 26. Rxa6 Kb7 27.
Ra4 Rd8 28. axb4 Bb6 29. g3 d3 30. cxd3 Rxd3 31. Kg2 Rb3 32. Ne5 Rb2 33. R1a2
Rb3 34. Nd7 Rc3 35. Nxb6 cxb6 36. Ra7+ Kc6 37. Rxh7 Kb5 38. Rh6 Rc4 39. Rb2 Rd4
40. Rf6 Rc4 41. h4 1-0

[Event "alequinne vs seu madruga hehehe"]
[Site "http://www.queenalice.com/game.php?id=356825"]
[Date "2008.2.18"]
[Round "-"]
[White "madruga23"]
[Black "alequinne"]
[Result "0-1"]
[WhiteElo "1884"]
[BlackElo "1698"]

1. d4 d5 2. c4 Nf6 3. cxd5 Nxd5 4. Nf3 Bg4 5. Ne5 Bf5 6. Qb3 e6 7. Qxb7 Nd7 8.
Nxd7 Kxd7 9. a3 Ke8 10. Nd2 Bc2 11. Qc6+ Ke7 12. Qxc2 g6 13. Nf3 Bg7 14. e4 Nb6
15. Bf4 Rc8 16. Ba6 Ra8 17. Bxc7 Qd7 18. Qc5+ Ke8 0-1

[Event "Challenge"]
[Site "http://www.queenalice.com/game.php?id=358335"]
[Date "2008.2.21"]
[Round "-"]
[White "alequinne"]
[Black "Mizar"]
[Result "0-1"]
[WhiteElo "1719"]
[BlackElo "1776"]

1. d4 d5 2. e3 Nc6 3. Bd3 e5 4. dxe5 Nxe5 5. Bb5+ c6 6. Be2 Nh6 7. Nc3 Bc5 8.
Nf3 Nxf3+ 9. Bxf3 O-O 10. e4 Re8 11. Bxh6 gxh6 12. O-O d4 13. Ne2 Qg5 14. Ng3
Rd8 15. Re1 f6 16. Qd3 Be6 17. c3 h5 18. Rad1 h4 19. Nf5 h3 20. g4 h5 21. Qe2
hxg4 22. Bxg4 Bf7 23. Rd3 Bh5 24. f3 dxc3+ 25. Kh1 Rxd3 26. Qxd3 Qd2 27. Qc4+
Kh7 28. Qe2 Bxg4 29. fxg4 Rd8 30. g5 Qxe2 31. Rxe2 Rd1+ 0-1

[Event "Challenge"]
[Site "http://www.queenalice.com/game.php?id=360633"]
[Date "2008.2.25"]
[Round "-"]
[White "alequinne"]
[Black "ION_digo"]
[Result "1-0"]
[WhiteElo "1692"]
[BlackElo "1375"]

1. d4 e6 2. e3 Nh6 3. Nf3 b6 4. Bd3 Bb7 5. Nbd2 Nc6 6. O-O Nb4 7. Nb3 Qf6 8. Re1
Bxf3 9. Qxf3 Nc6 10. Bb5 Nb4 11. Qxa8+ Ke7 12. Rd1 Ng4 13. Qf3 Qh4 14. Qg3 Qh5
15. h3 Nxe3 16. Bxe3 Qxb5 17. Qg5+ Qxg5 18. Bxg5+ f6 19. Bf4 g5 20. Bxc7 Na6 21.
Bh2 Kd8 22. Rd3 Nb4 23. c3 Nxd3 24. Rb1 a5 25. d5 e5 26. Nd2 Bh6 27. g4 Rg8 28.
a3 Bf8 29. b4 a4 30. c4 h6 31. Ne4 Be7 32. d6 f5 33. dxe7+ Kxe7 34. Nc3 fxg4 35.
hxg4 Rf8 36. Bg3 Ke8 37. Nd5 1-0

[Event "Challenge"]
[Site "http://www.queenalice.com/game.php?id=362429"]
[Date "2008.2.28"]
[Round "-"]
[White "alequinne"]
[Black "SAROS"]
[Result "0-1"]
[WhiteElo "1712"]
[BlackElo "1100"]

1. d4 d5 2. e3 c5 3. c3 Nc6 4. Nf3 e5 5. dxe5 Bg4 6. Bb5 a6 7. Ba4 b5 8. Bb3 c4
9. Bc2 Nxe5 10. Nbd2 Nf6 11. h3 Nxf3+ 12. Nxf3 Be6 13. Nd4 Bc5 14. Qf3 Bxd4 15.
exd4 Qe7 16. O-O O-O 17. Qg3 Ne8 18. Bh6 f5 19. Rfe1 Rf6 20. Bg5 Qf7 21. Bxf6
Nxf6 22. Qe5 Re8 23. Qd6 g6 24. Re2 Qd7 25. Qxd7 Bxd7 26. Rxe8+ Bxe8 27. Re1 Kf7
28. f3 Bd7 29. g4 fxg4 30. fxg4 g5 31. Rf1 Kg7 32. Re1 Kf7 33. Kh2 Bc6 34. b3 h5
35. gxh5 Nxh5 36. Re5 Kf6 37. bxc4 bxc4 38. Re1 Nf4 39. Rb1 Ke6 40. Rb6 Kd7 41.
Rxa6 Ne2 42. Ba4 Bxa4 43. Rxa4 Nxc3 44. Ra7+ Ke6 45. a4 Ne4 46. a5 c3 47. Rc7
Kd6 48. Rc8 Kd7 49. Rb8 c2 50. a6 c1=Q 51. a7 Qd2+ 52. Kg1 Qf2+ 0-1

[Event "Challenge"]
[Site "http://www.queenalice.com/game.php?id=363743"]
[Date "2008.3.1"]
[Round "-"]
[White "alequinne"]
[Black "O_aprendiz"]
[Result "1-0"]
[WhiteElo "1712"]
[BlackElo "1609"]

1. d4 d5 2. e3 Nf6 3. Nf3 Nc6 4. Bd3 e6 5. O-O Bd6 6. Nbd2 e5 7. dxe5 Nxe5 8.
Nxe5 Bxe5 9. Nf3 Qd6 10. Nxe5 Qxe5 11. Re1 O-O 12. Qf3 b6 13. e4 Bb7 14. Bf4 Qh5
15. Qxh5 Nxh5 16. Bxc7 d4 17. c3 Rac8 18. Be5 dxc3 19. Bxc3 Rfe8 20. Re3 Re6 21.
Rd1 Nf4 22. Bc4 Rg6 23. g3 Ne6 24. Rd7 Bxe4 25. Rxe4 Nc5 26. Bxf7+ Kh8 27. Bxg6
Nxd7 28. Re8+ Rxe8 29. Bxe8 Nc5 30. b4 Nd3 31. f4 1-0

[Event "Challenge"]
[Site "http://www.queenalice.com/game.php?id=366417"]
[Date "2008.3.6"]
[Round "-"]
[White "Enxadrista_27"]
[Black "alequinne"]
[Result "0-1"]
[WhiteElo "1677"]
[BlackElo "1700"]

1. d4 d5 2. c4 Nf6 3. Nc3 e6 4. Nf3 Nc6 5. Bf4 Bb4 6. Qd2 Bxc3 7. Qxc3 Ne4 8.
Qd3 Nb4 9. Qb3 Nc6 10. cxd5 exd5 11. e3 Na5 12. Qa4+ Nc6 13. Bb5 Bd7 14. O-O a6
15. Bxc6 Bxc6 16. Qb4 Bb5 17. Ne5 Bxf1 18. Kxf1 Rb8 19. f3 g5 20. fxe4 gxf4 21.
exd5 fxe3 22. Ke2 Qg5 23. Qc4 Qxg2+ 24. Kxe3 Rc8 25. d6 Qg5+ 26. Ke4 O-O 27.
Nxf7 Rce8+ 28. Kd3 Qe3+ 29. Kc2 Qf2+ 30. Kb3 Qxf7 31. d5 Re3+ 32. Kb4 Qf4 33.
Rg1+ Kh8 34. dxc7 Qd6+ 35. Ka4 b5+ 0-1

[Event "Challenge"]
[Site "http://www.queenalice.com/game.php?id=375344"]
[Date "2008.3.22"]
[Round "-"]
[White "kinguly"]
[Black "alequinne"]
[Result "1-0"]
[WhiteElo "1614"]
[BlackElo "1628"]

1. e4 e5 2. Bc4 Bc5 3. Nf3 Nc6 4. d3 Nf6 5. Ng5 O-O 6. c3 d5 7. exd5 Nxd5 8. O-O
h6 9. Ne4 Bb6 10. Qf3 Be6 11. Na3 f5 12. Qh3 Nf4 13. Bxe6+ Nxe6 14. Ng3 Qf6 15.
Nc4 Bc5 16. b4 Be7 17. Qh5 f4 18. Ne4 Qh4 19. Qxh4 Bxh4 20. b5 Ne7 21. Nxe5 1-0

[Event "Challenge"]
[Site "http://www.queenalice.com/game.php?id=383616"]
[Date "2008.4.7"]
[Round "-"]
[White "alequinne"]
[Black "Moquiche"]
[Result "0-1"]
[WhiteElo "1638"]
[BlackElo "1824"]

1. d4 e6 2. e3 c5 3. c4 Nc6 4. Nf3 Nf6 5. Nc3 a6 6. Bd3 cxd4 7. exd4 Bb4 8. Bd2
Bxc3 9. Bxc3 d5 10. O-O O-O 11. Re1 Re8 0-1